Quiz de Culture Générale (spécial "Sciences") - Statistiques

Statistiques générales
  • Ce quiz a été pris 902 fois
    901 depuis la dernière actualisation
  • Le résultat moyen est 21 sur 30
Statistiques - réponses
Questions Réponses % Correct
Quelle est la somme des angles d'un triangle (en degrés) ? 180
92%
Quel est le nom du satellite naturel de la Terre ? La Lune
91%
Quel est le principal gaz à effet de serre produit par les activités humaines ? Le dioxyde de carbone
87%
Compléter la suite de cette célèbre citation du chimiste français Antoine Lavoisier : "Rien ne se perd, rien ne se crée, …" ? Tout se transforme
87%
Comment appelle-t-on un nombre qui n'est divisible que par 1 et par lui-même ? Un nombre premier
86%
Combien de côtés y a-t-il sur un polygone appelé "dodécagone" ? 12
85%
Quelle est l'unité de mesure de l'intensité du courant électrique ? L'ampère
85%
Quel est le nom du processus par lequel les plantes transforment le dioxyde de carbone et l'eau en glucose et dioxygène ? La photosynthèse
83%
Quel est le nom de l'échelle qui mesure la magnitude des tremblements de terre ? L'échelle de Richter
82%
Quelle particule subatomique porte une charge électrique négative ? L'électron
82%
Quelle planète est la plus éloignée du Système solaire ? Neptune
82%
Quel physicien a proposé la théorie de la relativité restreinte en 1905 ? Albert Einstein
81%
Résoudre l'équation : 5x - 3 = 2x + 9 x = 4 Explication : 5x - 2x = 9 + 3, donc 3x = 12, donc x = 12 ÷ 3, donc x = 4.
78%
Combien de chromosomes possède une cellule humaine ? 46
77%
Quel est le gaz le plus abondant dans l'atmosphère terrestre ? Le diazote
76%
Quel organe du corps humain produit l'insuline ? Le pancréas
73%
Quel pigment est responsable de la couleur verte des plantes ? La chlorophylle
72%
Quelle est la dérivée de x² ? 2x
71%
Quel est le résultat de 3! (3 factorielle) ? 6 Explication : 3! = 3 x 2 x 1, donc 3! = 6.
68%
Quelle est, approximativement, la vitesse de la lumière dans le vide (en km/s) ? 300 000
67%
Quelle est la signification du sigle " ADN " ? Acide Désoxyribonucléique
61%
Comment appelle-t-on le passage de l'état solide à l'état gazeux ? La sublimation
60%
Quel élément chimique est sous forme liquide dans les conditions normales de température (20 °C) et de pression (1 bar) ? Le mercure
59%
Quelle loi relie la tension, le courant et la résistance électrique ? La loi d'Ohm
58%
Quelle est la signification du sigle " pH " ? Potentiel Hydrogène
53%
Quel est le nom de la couche de l'atmosphère où se forme l'ozone ? La stratosphère
51%
Quel nom donne-t-on à la protéine qui transporte l'oxygène dans le sang ? L'hémoglobine
48%
Quel est le nom du projet américain qui a conduit à la création de la première bombe atomique ? Le projet Manhattan
42%
Quel élément chimique porte le symbole " W " ? Le tungstène
37%
Quel est le nom du plus grand volcan du Système solaire ? Olympus Mons
21%
Aucun quiz correspondant
Distribution des résultats
% des personnes avec chaque résultat
Percentile par nombre de réponses
Votre historique - résultats
Vous n’avez pas pris ce quiz depuis la dernière actualisation